|
|
|
|
| LEADER |
02351nam a2200385 a 4500 |
| 001 |
0017984 |
| 003 |
BD-DhAAL |
| 008 |
101012r20102002njua b 001 0 eng d |
| 010 |
|
|
|a 2002277140
|
| 020 |
|
|
|a 9788177585698
|
| 020 |
|
|
|a 0130322210
|
| 040 |
|
|
|a TKN
|c TKN
|d DLC
|d BD-DhAAL
|
| 082 |
0 |
0 |
|a 004.6
|2 21
|
| 100 |
1 |
|
|a Stallings, William.
|
| 245 |
1 |
0 |
|a High-speed networks and internets :
|b performance and quality of service /
|c William Stallings.
|
| 250 |
|
|
|a Second edition.
|
| 260 |
|
|
|a Upper Saddle River, N.J. :
|b Prentice Hall ;
|a New Delhi :
|b Pearson,
|c c2002
|g (2010 printing).
|
| 300 |
|
|
|a xvii, 715 p. :
|b ill. ;
|c 25 cm
|
| 500 |
|
|
|a Originally published: High-speed networks. 1998.
|
| 504 |
|
|
|a Includes bibliographical references (p. [687]-699) and index.
|
| 526 |
|
|
|a EEE
|x Md Sayeed Salam
Department of Electrical and Electronic Engineering
BRAC University
Course Name : Communication Services Networks (EEE 513)
|
| 541 |
1 |
|
|e 0017984, 0017985, 0021168
|a D. S. Books International
|
| 650 |
|
0 |
|a Computer networks.
|
| 650 |
|
0 |
|a Telecommunication
|x Quality control.
|9 58586
|
| 650 |
|
0 |
|a Intranets (Computer networks)
|9 58587
|
| 650 |
|
0 |
|a Computer networks
|x Standards.
|9 58588
|
| 650 |
|
0 |
|a TCP/IP (Computer network protocol)
|
| 650 |
|
0 |
|a Asynchronous transfer mode.
|
| 700 |
1 |
|
|a Stallings, William.
|t High speed networks.
|9 58589
|
| 852 |
4 |
|
|a Ayesha Abed Library
|c General Stacks
|
| 942 |
|
|
|2 ddc
|c BK
|
| 999 |
|
|
|c 9761
|d 9761
|
| 952 |
|
|
|0 0
|1 0
|2 ddc
|4 0
|6 004_600000000000000_STA_2010
|7 0
|9 12430
|a BRACUL
|b BRACUL
|c GEN
|d 2010-10-13
|g 551.25
|l 0
|o 004.6 STA
|p 3010021168
|r 2010-10-13
|t 3
|w 2010-10-13
|y BK
|
| 952 |
|
|
|0 0
|1 0
|2 ddc
|4 0
|6 004_600000000000000_STA
|7 0
|9 13099
|a BRACUL
|b BRACUL
|c GEN
|d 2010-11-06
|e D. S. Books International
|l 0
|o 004.6 STA
|p 3010017984
|r 2010-11-06
|t 1
|w 2010-11-06
|y BK
|x Requisitioned by Md Sayeed Salam Department of Electrical and Electronic Engineering, BRAC University) for the course named- "Communication Services Networks (EEE 513)" ; USD 15.00
|
| 952 |
|
|
|0 0
|1 0
|2 ddc
|4 0
|6 004_600000000000000_STA
|7 0
|9 13101
|a BRACUL
|b BRACUL
|c GEN
|d 2010-11-06
|e D. S. Books International
|l 1
|m 19
|o 004.6 STA
|p 3010017985
|r 2017-02-08
|s 2016-09-21
|t 2
|w 2010-11-06
|y BK
|x Requisitioned by Md Sayeed Salam Department of Electrical and Electronic Engineering, BRAC University) for the course named- "Communication Services Networks (EEE 513)" ; USD 15.00
|